000 00861nam0a22002531 4500
001 rc\2604967
005 20260406110013.0
035 _a(NLR Aleph) 006768979
090 _a5924276
_c5924276
100 _a20110914d1930 |||y0rusy50 ca
101 0 _arus
102 _aRU
105 _ay z |||a|
200 1 _aКонец похода
_e[Рассказы]
_fМатэ Залка
210 _aМосква
_aЛенинград
_cЗемля и фабрика
_d1930
_gшк. ФЗУ им. Борщевского треста "Мосполиграф"
215 _a280 с.
_d21х14 см.
300 _aОбложка: А. Щербаков
700 1 _7ca
_8rus
_aЗалка
_bМ.
_f1896-1937
_gМате
_3RU\NLR\AUTH\77104732
_987657
801 0 _aRU
_bNLR
_gpsbo
801 1 _aRU
_bELAR
_2rusmarc
852 _aNLR
_j30.3/1363
942 _cBOOK
980 _aNB